000 00776nam a2200241Ia 4500
003 OSt
005 20220926022413.0
006 a|||||r|||| 00| 0
007 ta
008 220923b |||||||| |||| 00| 0 eng d
037 _cGeneral Book
040 _aRTL
_cRTL
_beng
041 _2eng
_aeng
082 _aX:77:(B), M8
110 _aUnited Nations. International Economic and Social Affairs (Department of ....)
245 0 _aModelling of world economic development
260 _aNew York
_bUnited Nations U. S. A.
_c1988
300 _a56p.
_ccm.
650 _aEconomic Development
_917300
700 _aUnited Nations. International Economic and Social Affairs (Department of ....)
942 _hX:77:(B), M8
_cGB
_2CC
999 _c639372
_d639372